00771nam a22002417a 4500999001500000001000500015003000900020005001700029008004100046020001500087040003300102082001800135100001900153245003500172260004800207300004100255490001300296504003900309651001800348651001700366942001200383952013400395 c6511d65113714BD-DhUAP20210103144531.0210103s1990 enka b 001 0 eng  a0207165947 aDNLM/DLCcDLCdBD-DhUAPbeng00a823.3 ALL223 aAllen, Robert. aTokyo no hana /cRobert Allen. aNorth Ryde :bAngus and Robertson, cc1990. a103 pages :billustrations ;c19 cm. aImprint. aIncludes bibliographies and index. aJapanzTokyo. aAustralians. 2ddccBK 00102ddc4070aUAPCLbUAPCLcGeneral Stacksd2021-01-03l1m2o823.3 ALLp3010003714r2022-05-29s2022-04-19t1w2021-01-03yBK